000 00547nam a2200205Ia 4500
005 20250923144740.0
008 008 250917s9999 xx 000 0 eng d
037 _aTextual
040 _aDSWL
_beng
_cDSWL
041 _aeng
_2eng
084 _qDSWL
100 _aDollard, John
_9828022
245 0 _aCaste and class in a Southern Town
_cby John Dollard
260 _aNew York
_bDoubleday Anchor Books
_c1949
300 _axii,466p.
365 _aUSD
_b3.25
925 _g3.25
942 _cTEXL
999 _c1442863
_d1442863